Basic electronics. V 5 (Record no. 22722)

MARC details
000 -LEADER
fixed length control field 00300nam a2200121Ia 4500
082 ## - DEWEY DECIMAL CLASSIFICATION NUMBER
Classification number 621.38
Item number MIL.5
245 #0 - TITLE STATEMENT
Title Basic electronics. V 5
260 ## - PUBLICATION, DISTRIBUTION, ETC. (IMPRINT)
Place of publication Bombay
Name of publisher Taraporevala
Year of publication 1967
650 ## - SUBJECT ADDED ENTRY--TOPICAL TERM
Topical Term Power circuits
700 ## - ADDED ENTRY--PERSONAL NAME
Personal name Mileaf, Harry
942 ## - ADDED ENTRY ELEMENTS (KOHA)
Koha item type Books
Holdings
Withdrawn status Lost status Damaged status Not for loan Home library Current library Date acquired Cost, normal purchase price Full call number Accession Number Koha item type
        RRII Library RRII Library 16/12/2021 7.25 621.38 MIL.5 03439 Books